Miera konkretizácie ohodnocovania podnikov v právnych normách SR

Diskutovaná otázka miery konkretizácie postupov ohodnocovania podnikov v právnych normách Slovenskej republiky. Právne normy verzus prax. Príklady súvisiace s podnikateľskou metódou, s ktorými sa autorky stretli pri vypracovaní revíznych posudkov.

Salvato in:
Dettagli Bibliografici
Autore principale: Hrvoľová, Božena
Altri autori: Polednáková, Anna, 1957-
Natura: Capitolo di libro
Lingua:slovacco
Soggetti:
Tags: Aggiungi Tag
Nessun Tag, puoi essere il primo ad aggiungerne!!

MARC

LEADER 00000naa$a2200000$$$4500
001 0178450
005 20240502073032.1
041 0 |a slo 
044 |a SK 
245 1 0 |a Miera konkretizácie ohodnocovania podnikov v právnych normách SR  |c Božena Hrvoľová, Anna Polednáková 
520 |a Diskutovaná otázka miery konkretizácie postupov ohodnocovania podnikov v právnych normách Slovenskej republiky. Právne normy verzus prax. Príklady súvisiace s podnikateľskou metódou, s ktorými sa autorky stretli pri vypracovaní revíznych posudkov. 
610 2 0 |a ohodnocovanie 
610 2 0 |a ohodnocovanie podniku 
610 2 0 |a predpisy právne 
610 2 0 |a legislatíva 
610 2 0 |a znalci 
610 2 0 |a posudky znalecké 
100 1 |a Hrvoľová, Božena 
700 1 |a Polednáková, Anna, 1957-